Operational research in management (Record no. 1339783)

MARC details
000 -LEADER
fixed length control field 00592nam a2200205Ia 4500
005 - DATE AND TIME OF LATEST TRANSACTION
control field 20250508152942.0
008 - FIXED-LENGTH DATA ELEMENTS--GENERAL INFORMATION
fixed length control field 008 250505s9999 xx 000 0 eng d
037 ## - SOURCE OF ACQUISITION
Stock number Textual
040 ## - CATALOGING SOURCE
Original cataloging agency FEDL
Language of cataloging eng
Transcribing agency FEDL
041 ## - LANGUAGE CODE
Language code of text/sound track or separate title eng
Source of code eng
084 ## - COLON CLASSIFICATION NUMBER
Classification number 658, EDD
Assigning agency FEDL
100 ## - MAIN ENTRY--PERSONAL NAME
Personal name Eddison R T
9 (RLIN) 154382
245 #0 - TITLE STATEMENT
Title Operational research in management
260 ## - PUBLICATION, DISTRIBUTION, ETC.
Place of publication, distribution, etc. London, UK
Name of publisher, distributor, etc. The English Universities Press Ltd.
Date of publication, distribution, etc. 1962
300 ## - PHYSICAL DESCRIPTION
Extent xi,330p
490 ## - SERIES STATEMENT
Series statement Management science series
700 ## - ADDED ENTRY--PERSONAL NAME
Personal name Rivett B H P
9 (RLIN) 762822
942 ## - ADDED ENTRY ELEMENTS (KOHA)
Koha item type Textual
Classification part 658, EDD
Holdings
Withdrawn status Lost status Damaged status Not for loan Home library Current library Date acquired Total Checkouts Full call number Barcode Date last seen Price effective from Koha item type
        Department of Education Library Department of Education Library 2025-05-08   658, EDD EL0022251 2025-05-08 2025-05-08 Textual
Copyright @ Delhi University Library System